<?xml version="1.0" encoding="UTF-8"?>
<marc:record xmlns:marc="http://www.loc.gov/MARC21/slim">
   <marc:leader>00000nam a2200000 a 4500</marc:leader>
   <marc:datafield ind1="1" ind2=" " tag="100">
      <marc:subfield code="a">Feldmann, Rötger</marc:subfield>
      <marc:subfield code="4">aut</marc:subfield>
      <marc:subfield code="e">Verfasser/-in</marc:subfield>
   </marc:datafield>
   <marc:datafield ind1=" " ind2=" " tag="653">
      <marc:subfield code="a">Comic</marc:subfield>
   </marc:datafield>
   <marc:datafield ind1="0" ind2="0" tag="245">
      <marc:subfield code="a">Werner - Normal ja!</marc:subfield>
   </marc:datafield>
   <marc:datafield ind1="0" ind2="0" tag="245">
      <marc:subfield code="b">Comic</marc:subfield>
   </marc:datafield>
   <marc:datafield ind1=" " ind2="1" tag="264">
      <marc:subfield code="b">Bröseline Verlag</marc:subfield>
      <marc:subfield code="c">2019</marc:subfield>
   </marc:datafield>
   <marc:datafield ind1="1" ind2=" " tag="520">
      <marc:subfield code="a">WERNER - NORMAL JA! Neuauflage in HDO steht an! Nach heißen und eiskalten Zeiten für Werners Zeichner Brösel alias Rötger Feldmann drückt er im eigenen Bröseline Verlach jetzt wieder voll auf die Tube! Nach dem Verlachsdebüt WERNER - WAT NU!? (Band 13, 2018) - dem ersten Werner-Band seit 14 Jahren - gehtÆs nun mit den ersten sechs Bänden weiter - und zwar in HDO (High Definition Offset)! So gut sah Werner noch nie aus! Ab Januar 2019 erscheint monatlich ein neuer alter Band der Reihe. Magst du total flache Bärenwitze? Wissu wissen, was passiert, wenn einer Ananas machen will, zwei in Berlin-West auf Transitstrecke gehen und warum Kölner Legastheniker sind? Hassu Æne Ahnung, was Biber in der Stammkneipe bestellen, wie man einen zölligen Schieber blank und einen Schlammlöhrer in Rücklage macht? Oder wie man mit einer Fliegenklatsche, einem Bademantel und Æner Pappkrone Korsika erobert? Das alles - also wirklich alles - lernst du mit Werner, Holgi, Meister Röhrich, Eckat und dem MC Klappstuhl in WERNER - NORMAL JA!</marc:subfield>
   </marc:datafield>
   <marc:datafield ind1=" " ind2=" " tag="020">
      <marc:subfield code="a">9783947626052</marc:subfield>
      <marc:subfield code="9">9783947626052</marc:subfield>
   </marc:datafield>
</marc:record>
